00984nam a2200241 i 4500001000700000003000900007005001700016007000300033008004100036020001800077080002000095100005200115245017600167250001200343260006200355300004400417700003300461700003800494710004700532852002200579999001900601952012200620103077ES-MaACL20250410063055.0t|060110s2005 sp ||||1| spa d a84-7785-691-5 a821.134.2-2"19"1 aAltolaguirre Bolín, Manuel,d1905-195992055310aEntre dos públicos : bedición facsimilar del original mecanoscrito / cManuel Altolaguirre ; estudios introductorios de Carlos Flores Pazos y Gregorio Torres Nebrera. a1ª ed. aMálaga : bCentro Cultural Generación del 27, c2005. aLXXXVI, [72] p. : bil. col. ; c23 cm.1 aFlores Pazos, Carlos.9512951 aTorres Nebrera, Gregorio.91109952 aCentro Cultural Generación del 27.92582 aES-MaACLjL-29260 c103077d103077 00104070aATENEOMbATENEOMcDEPO2d2008-01-17eSCl0oL-29260p1107636r2023-02-23 00:00:00w2023-02-23yMONOGRAFIA